Score 0/22 Timer 05:00
18 Plays Today
% Correct
Adolf Schicklgruber
98.6%
the left
94.8%
a safe deposit box in New York
88.9%
Sharon Stone
88.7%
secured with bike locks
88%
pigs' bladders
87.6%
breathe through their butts
85.4%
Wi-Fi
85.1%
24-hour armed guard
81.5%
its balls at exactly 20° Celsius
80.5%
been skydiving
78.5%
% Correct
forest fires
76.9%
are left-handed and swim doggy-paddle
76.6%
a goat in his presence
74.2%
twin eight-year-old boys from Ohio
72%
a magic wand
68%
a reindeer called Pollyanna
63.6%
Leon Trotsky's nephew
62.1%
students
59.8%
elected by raffle
59.6%
potato chips
56.9%
a tree
41.8%
Remove Ads.
Support Sporcle.
Get the best of Sporcle when you Go Orange. This ad-free experience offers more features, more stats, and more fun while also helping to support Sporcle. Thank you for becoming a member.

You're not logged in!

Compare scores with friends on all Sporcle quizzes.
OR
Log In

Show Comments

Extras

Top Quizzes Today


Score Distribution

Your Account Isn't Verified!

In order to create a playlist on Sporcle, you need to verify the email address you used during registration. Go to your Sporcle Settings to finish the process.

Report this User

Report this user for behavior that violates our Community Guidelines.

Details: